Catálogo público

Modelación de la dinámica de poblaciones de trips (insecta : thysanoptera ) en el cultivo de aguacate (Persea americana Mill.) / (Record no. 219442)

MARC details
000 -CABECERA
campo de control de longitud fija 02796nam a2200289 a 4500
003 - IDENTIFICADOR DEL NÚMERO DE CONTROL
campo de control OSt
005 - FECHA Y HORA DE LA ÚLTIMA TRANSACCIÓN
campo de control 20240905144217.0
007 - CAMPO FIJO DE DESCRIPCIÓN FÍSICA--INFORMACIÓN GENERAL
campo de control de longitud fija cr ||||||a|c|a
008 - DATOS DE LONGITUD FIJA--INFORMACIÓN GENERAL
campo de control de longitud fija 231123s2021 mx a|||fom||| 001 0 spa d
040 ## - FUENTE DE LA CATALOGACIÓN
Normas de descripción rda
100 1# - ENTRADA PRINCIPAL--NOMBRE DE PERSONA
9 (RLIN) 188298
Nombre de persona Sosa Calix, Jainer Oniel
245 10 - MENCIÓN DE TÍTULO
Título Modelación de la dinámica de poblaciones de trips (insecta : thysanoptera ) en el cultivo de aguacate (Persea americana Mill.) /
Mención de responsabilidad, etc. por Jainer Oniel Sosa Calix : director de tesis Joel Pineda Pineda.
264 #1 - PRODUCCIÓN, PUBLICACIÓN, DISTRIBUCIÓN, FABRICACIÓN Y COPYRIGHT
Producción, publicación, distribución, fabricación y copyright Chapingo, México :
Nombre del de productor, editor, distribuidor, fabricante El autor,
Fecha de producción, publicación, distribución, fabricación o copyright 2021.
300 ## - DESCRIPCIÓN FÍSICA
Extensión 1 recurso en línea (200 páginas):
Otras características físicas figuras, cuadros.
336 ## - TIPO DE CONTENIDO
Fuente rdacontent
Término de tipo de contenido texto
Código de tipo de contenido txt
337 ## - TIPO DE MEDIO
Fuente rdamedia
Nombre/término del tipo de medio computadora
Código del tipo de medio c
338 ## - TIPO DE SOPORTE
Fuente rdacarrier
Nombre/término del tipo de soporte recurso en línea
Código del tipo de soporte cr
502 ## - NOTA DE TESIS
Tipo de título Maestría en Ciencias en Protección Vegetal
Nombre de la institución que otorga el título Departamento de Enseñanza, Investigación y Servicio en Parasitología Agrícola,
Año de obtención del título 2021.
504 ## - NOTA DE BIBLIOGRAFÍA, ETC.
Nota de bibliografía, etc. Incluye referencias bibliográficas: páginas 64-73,184-186.
520 ## - SUMARIO, ETC.
Sumario, etc. En el presente trabajo se plantearon dos objetivos: resumir los principales enfoques del modelado dinámico de poblaciones de insectos mediante ecuaciones diferenciales (ordinarias y parciales) y el desarrollo de dos modelos matemáticos, uno simple y otro complejo, para predecir el comportamiento de la dinámica de poblaciones de trips en el cultivo de aguacate. En primer lugar, se describen los procedimientos de desarrollo de un modelo compartimental basado en ecuaciones diferenciales ordinarias (ODEs) y un modelo complejo basado en una ecuación diferencial parcial (PDE). Ambos procedimientos se basan en datos de desarrollo, mortalidad y tasas de oviposición medidas a temperaturas constantes. Adicionalmente, el modelo basado en PDE utiliza tasas de dispersión. Ambos modelos emplean la temperatura del aire como variable de entrada. El modelo simple consta de trece ODEs mientras que la discretización de la PDE da lugar a ciento trece ODEs. En segundo lugar, se presenta la programación computacional de ambos modelos en los ambientes de simulación Fortran Simulation Translator (FST) y Matlab-Simulink, que resuelven numéricamente los modelos mediante el algoritmo de integración de Euler. Finalmente, se discuten el desempeño, las fortalezas y debilidades de los dos modelos. Las principales conclusiones de este trabajo son que ambos enfoques son necesarios para aumentar el conocimiento del comportamiento de la población de trips, pero también para utilizar diversos modelos en el combate de plagas insectiles en cultivos agrícolas como el aguacate.
650 #4 - PUNTO DE ACCESO ADICIONAL DE MATERIA--TÉRMINO DE MATERIA
9 (RLIN) 2543
Término de materia o nombre geográfico como elemento de entrada Aguacate
Subdivisión general Plagas
650 #4 - PUNTO DE ACCESO ADICIONAL DE MATERIA--TÉRMINO DE MATERIA
9 (RLIN) 58911
Término de materia o nombre geográfico como elemento de entrada Insectos
Subdivisión general Dispersión
650 #4 - PUNTO DE ACCESO ADICIONAL DE MATERIA--TÉRMINO DE MATERIA
9 (RLIN) 58929
Término de materia o nombre geográfico como elemento de entrada Insectos
Subdivisión general Identificación
700 1# - PUNTO DE ACCESO ADICIONAL--NOMBRE DE PERSONA
9 (RLIN) 88172
Nombre de persona Pineda Pineda, Joel
Término indicativo de función/relación Director de tesis.
856 ## - LOCALIZACIÓN Y ACCESO ELECTRÓNICOS
Identificador Uniforme del Recurso http://10.13.5.2/tesis/tm/1813033-8_JAINER_ONIEL_SOSA_CALIX.pdf
Nota pública DESCARGAR PDF
942 ## - ELEMENTOS DE PUNTO DE ACCESO ADICIONAL (KOHA)
Fuente del sistema de clasificación o colocación Clasificación Universidad Autónoma Chapingo
Tipo de ítem Koha Tesis digital
Holdings
Estado de retiro Estado de pérdida Fuente del sistema de clasificación o colocación Estado dañado Restricciones de uso No para préstamo Código de colección Localización permanente Ubicación/localización actual Ubicación en estantería Fecha de adquisición Total de préstamos Signatura topográfica completa Fecha visto por última vez Precio válido a partir de Tipo de ítem Koha
    Clasificación Universidad Autónoma de Chapingo   Préstamo interno   Tesis digitales de Maestría Biblioteca Digital Biblioteca Digital En línea 23/11/2023   Tesis digital 23/11/2023 23/11/2023 Tesis digital